000 003570000a22001450004500
003 MACL
040 _aMACL
090 _c45185
_d45183
100 _aArihant Prakashan
245 _aChapter W̜ise Solutions Of AIEEE Mathematics
_bWith 10 Mock Tests
260 _bArihant Prakashan,Meerut
350 _a125
650 _aMathematics
942 _cBOOK
_k510/ARI
999 _c44722
_d44722